Tibbi Encyclopedia Amraz wo Sehat -3/ (Record no. 36679)

MARC details
000 -LEADER
fixed length control field 00445nam a22001817a 4500
005 - DATE AND TIME OF LATEST TRANSACTION
control field 20241017104740.0
008 - FIXED-LENGTH DATA ELEMENTS--GENERAL INFORMATION
fixed length control field 241017b |||||||| |||| 00| 0 eng d
020 ## - INTERNATIONAL STANDARD BOOK NUMBER
ISBN 9789695900543
082 ## - DEWEY DECIMAL CLASSIFICATION NUMBER
Classification number 610
Item number SAR-T
100 ## - MAIN ENTRY--AUTHOR
Author Name Sarfraz Sakhira
245 ## - TITLE STATEMENT
Title Tibbi Encyclopedia Amraz wo Sehat -3/
260 ## - PUBLICATION, DISTRIBUTION, ETC.
Place of Publication Pakistan
Name of publisher, distributor, etc. Punjab school
Date of publication, distribution, etc. 2012
300 ## - PHYSICAL DESCRIPTION
Pages 88P.
490 ## - SERIES STATEMENT
Volume vol.3
650 ## - SUBJECT ADDED ENTRY--TOPICAL TERM
Subject / Department Reference
300 ## - PHYSICAL DESCRIPTION
-- ill;
-- 27cm.
952 ## - LOCATION AND ITEM INFORMATION (KOHA)
-- 0
-- 0
Holdings
Lost status Damaged status Collection code Permanent Location Current Location Shelving Location Date acquired Full Call Number Accession No./Barcode Date last seen item type Koha item type
    Medical Superior Information Resource Center (SIRC) Superior University- Main Campus Superior Information Resource Center (SIRC) Superior University- Main Campus Encyclopedia 10/17/2024 610 SAR-T 2012 29538 10/17/2024 BOOK BOOK

Powered by Koha